| 000 | 00963nam a2200241Ia 4500 | ||
|---|---|---|---|
| 003 | GCL | ||
| 008 | 140319s9999 xx 000 0 ara d | ||
| 020 | _a577645977 | ||
| 040 |
_aGCL / _cGCL |
||
| 082 | 0 | 4 |
_a621.3841 _bف ت |
| 100 | 1 | _aفاروق محمد العامرى | |
| 245 | 1 | 0 |
_aتكنولوجيا الالكترونيات ELECTORNICS TECHNOLOGY : _b"مشروعات الترانزستور ""دوائر الكترونية وعلمية""" / _cفاروق محمد العامرى |
| 250 | _a1 | ||
| 260 |
_aالقاهرة : _bمعهد ناصر للدراسات الالكترونية ، _c1998 |
||
| 300 |
_a171ص ؛ _c24سم |
||
| 490 |
_aموسوعة العامرى للتكنولوجيا _v9 |
||
| 650 | 0 | 4 | _aالترانزستور |
| 650 | 0 | 4 | _aالدوائر الالكترونية |
| 650 | 0 | 4 | _aالترانزستور - دوائر |
| 650 | 0 | 4 | _aالالكترونيات |
| 650 | 0 | 4 | _aالترانزستور - مواصفات |
| 942 |
_2ddc _cBK |
||
| 999 |
_c4968 _d4968 |
||